000 00780nac a22002291u 4500
010 _a00111389
020 _a0735710996
082 0 0 _a005.8
_bZ662
090 _c1578
_d1578
100 _aZiegler, Robert L.
245 1 0 _aLinux firewalls /
_cRobert L. Ziegler, Carl B. Constantine.
250 _a2nd ed.
260 _aIndianapolis, IN :
_bNew Riders,
_c2002.
300 _axxiii, 562 p. :
_bill. ;
_c23 cm.
500 _aIncludes index.
650 0 _aComputers
_xAccess control.
650 0 _aFirewalls (Computer security)
650 0 _aOperating systems (Computers)
700 1 _aConstantine, Carl B.
942 _cBB
_k005.8Z662
999 _c1578
_d1578